| 000 | 01277nam0a2200301 4500 | ||
|---|---|---|---|
| 001 | RU\NLR\bibl\856989 | ||
| 005 | 20250614153636.0 | ||
| 010 | _a5-9645-0032-3 | ||
| 021 |
_aRU _b2005-27722 _91394 |
||
| 035 | _a(NLR Aleph) 000845705 | ||
| 090 |
_a1448389 _c1448389 |
||
| 100 | _a20051020d2005 |||y0rusy50 ca | ||
| 101 | 0 | _arus | |
| 102 | _aRU | ||
| 105 | _ay ||||||||| | ||
| 200 | 1 |
_aИзбранные труды по гражданскому процессу _eПриложение к Российскому ежегоднику гражданского и арбитражного процесса _fА.Т. Боннер |
|
| 210 |
_aСанкт-Петербург _cИздательский дом СПбГУ _d2005 |
||
| 215 |
_a990, [1] с. _d22 |
||
| 320 | _aБиблиогр. в подстроч. примеч. | ||
| 606 | 1 |
_aГражданский процесс _yРоссийская Федерация _92079368 _3RU\NLR\auth\661255247 |
|
| 606 | 1 |
_aГражданский процесс _yСССР _9995023 _3RU\NLR\auth\6658629 |
|
| 686 | _aХ629.2я44 | ||
| 700 | 1 |
_aБоннер _bА. Т. _f1937- _gАлександр Тимофеевич _4070 |
|
| 801 | 0 |
_aRU _bNLR _c20051020 _grcr |
|
| 801 | 1 |
_aRU _bNLR _c20051020 |
|
| 942 | _cBOOK | ||
| 980 | _aNB | ||